[Event "WLS-chT 1516"]
[Site "Wales"]
[Date "2016.04.16"]
[Round "6.3"]
[White "Dineen, Robert"]
[Black "Bevan, Peter M"]
[Result "1-0"]
[WhiteElo "1837"]
[BlackElo "2013"]
[PlyCount "75"]
[EventDate "2015.11.01"]
[EventType "team-tourn"]
[EventRounds "7"]
[EventCountry "WLS"]
[SourceTitle "EXT 2018"]
[Source "ChessBase"]
[SourceDate "2017.10.13"]
[SourceVersion "1"]
[SourceVersionDate "2017.10.13"]
[SourceQuality "1"]

1. e4 e5 2. Nf3 Nf6 3. Nxe5 d6 4. Nf3 Nxe4 5. d4 d5 6. Bd3 Be7 7. 0-0 Nc6 8. Nc3 Nxc3 9. bxc3 Be6 10. Re1 0-0 11. Ne5 Nxe5 12. Rxe5 Bf6 13. Re1 Qd7 14. Bf4 c5 15. Be5 Bxe5 16. Rxe5 c4 17. Be2 f6 18. Re3 Rfe8 19. Bf3 Bf5 20. Rxe8+ Rxe8 21. Qd2 Be4 22. Bxe4 Rxe4 23. f3 Re6 24. Re1 Ra6 25. Qf4 Rxa2 26. Qb8+ Kf7 27. Qh8 Kg6 28. Qf8 Qf7 29. Qd6 h6 30. Re7 Qf8 31. Qd7 Rb2 32. Qg4+ Kh7 33. Qf5+ Kh8 34. Qe6 Rb6 35. Qd7 Kh7 36. Re8 Rd6 37. Qc8 Qf7 38. Rh8+ 1-0

[Event "Tom Weston Major op"]
[Site "Cardiff"]
[Date "2015.04.04"]
[Round "3"]
[White "Dineen, Robert"]
[Black "Sivarajasingam, Venetia"]
[Result "1-0"]
[WhiteElo "1799"]
[BlackElo "1455"]
[PlyCount "47"]
[EventDate "2015.04.03"]
[EventType "swiss"]
[EventRounds "7"]
[EventCountry "WLS"]
[SourceTitle "EXT 2018"]
[Source "ChessBase"]
[SourceDate "2017.10.13"]
[SourceVersion "1"]
[SourceVersionDate "2017.10.13"]
[SourceQuality "1"]

1. e4 e6 2. b3 d5 3. Bb2 c5 4. e5 Nc6 5. f4 Nge7 6. Nf3 Ng6 7. g3 Be7 8. Bg2 0-0 9. 0-0 b6 10. Nc3 Bb7 11. Kh1 Re8 12. d4 h5 13. Nb5 a6 14. Nd6 Bxd6 15. exd6 Qxd6 16. dxc5 bxc5 17. Ng5 Nf8 18. Qxh5 Qe7 19. f5 Nd8 20. f6 Qxf6 21. Rxf6 gxf6 22. Bxf6 Ng6 23. Qh7+ Kf8 24. Qg7# 1-0

[Event "Welsh Winter op"]
[Site "Penarth"]
[Date "2015.02.01"]
[Round "5"]
[White "Dineen, Robert"]
[Black "Rovaretti, David"]
[Result "1-0"]
[WhiteElo "1889"]
[BlackElo "1656"]
[PlyCount "61"]
[EventDate "2015.01.30"]
[EventType "swiss"]
[EventRounds "5"]
[EventCountry "WLS"]
[SourceTitle "EXT 2018"]
[Source "ChessBase"]
[SourceDate "2017.10.13"]
[SourceVersion "1"]
[SourceVersionDate "2017.10.13"]
[SourceQuality "1"]

1. e4 e6 2. b3 b6 3. Bb2 Bb7 4. d3 d5 5. Nd2 Nf6 6. e5 Nfd7 7. f4 c5 8. Ngf3 Nc6 9. Be2 Be7 10. 0-0 Qc7 11. Kh1 f5 12. d4 h6 13. c4 Nxd4 14. Bxd4 cxd4 15. Nxd4 Nf8 16. Rc1 Qd8 17. cxd5 Bxd5 18. Bb5+ Kf7 19. Bc6 Bc5 20. Bxa8 Qxa8 21. N2f3 g5 22. fxg5 hxg5 23. Nxg5+ Kg6 24. Ngf3 Qb7 25. Qd2 Qh7 26. h3 Qh5 27. b4 Be7 28. Rc7 Bh4 29. Nxf5 Kxf5 30. Nxh4+ Kxe5 31. Qf4# 1-0

[Event "Welsh Winter op"]
[Site "Penarth"]
[Date "2015.02.01"]
[Round "4"]
[White "Sivarajasingam, Venetia"]
[Black "Dineen, Robert"]
[Result "1-0"]
[WhiteElo "1442"]
[BlackElo "1889"]
[PlyCount "135"]
[EventDate "2015.01.30"]
[EventType "swiss"]
[EventRounds "5"]
[EventCountry "WLS"]
[SourceTitle "EXT 2018"]
[Source "ChessBase"]
[SourceDate "2017.10.13"]
[SourceVersion "1"]
[SourceVersionDate "2017.10.13"]
[SourceQuality "1"]

1. e4 d6 2. d4 Nf6 3. Nc3 g6 4. f4 Bg7 5. Nf3 0-0 6. Bd3 Bg4 7. Be3 Nbd7 8. h3 Bxf3 9. Qxf3 c5 10. 0-0 Rc8 11. Rad1 Qb6 12. Bb5 Qa5 13. Bxd7 Nxd7 14. Nd5 Rfe8 15. a3 cxd4 16. Bxd4 Bxd4+ 17. Rxd4 Qc5 18. Qc3 e5 19. Qxc5 Nxc5 20. Nf6+ Kh8 21. Rxd6 Re6 22. Rxe6 fxe6 23. fxe5 Rd8 24. Rf3 Rd1+ 25. Kh2 Nd7 26. Nxd7 Rxd7 27. Rd3 Rc7 28. Rc3 Rd7 29. Rc4 Kg7 30. Kg3 h6 31. Kg4 b6 32. Rc6 Kf7 33. Kf3 Rd2 34. b3 a5 35. h4 b5 36. Rc5 a4 37. bxa4 bxa4 38. Rc4 Ke7 39. Rxa4 Rxc2 40. Ra7+ Kf8 41. a4 Rc3+ 42. Kf4 Rc2 43. g3 Rc1 44. Rd7 Ra1 45. Rd4 Ke7 46. Kg4 Ra3 47. Rb4 Kf7 48. Rb7+ Kf8 49. Ra7 Ra1 50. a5 Ra4 51. Kf4 Ra1 52. a6 Ra3 53. Ra8+ Kg7 54. a7 Ra1 55. Re8 Rxa7 56. Rxe6 Ra1 57. Re7+ Kf8 58. Rh7 Rf1+ 59. Kg4 Re1 60. Kf3 Rf1+ 61. Kg2 Re1 62. Kf3 Rf1+ 63. Ke2 Rg1 64. Kf2 Ra1 65. e6 Kg8 66. Rd7 Ra3 67. Rd8+ Kg7 68. e7 1-0

[Event "John Bishop Minor op"]
[Site "Cardiff"]
[Date "2009.04.12"]
[Round "5"]
[White "Dineen, Robert"]
[Black "Varma, Varun"]
[Result "1-0"]
[WhiteElo "1599"]
[BlackElo "1288"]
[PlyCount "73"]
[EventDate "2009.04.10"]
[EventType "swiss"]
[EventRounds "7"]
[EventCountry "WLS"]
[SourceTitle "EXT 2011"]
[Source "ChessBase"]
[SourceDate "2010.11.26"]
[SourceVersion "1"]
[SourceVersionDate "2010.11.26"]
[SourceQuality "1"]

1. e4 e6 2. d4 d5 3. exd5 exd5 4. Nf3 Nf6 5. Bg5 Be7 6. Bd3 Bg4 7. 0-0 0-0 8. Nbd2 Re8 9. c3 Ne4 10. Bxe7 Rxe7 11. Qc2 Qe8 12. Ne5 Nxd2 13. Qxd2 Bh5 14. f4 f6 15. Nf3 Bg6 16. Rae1 Be4 17. Bxe4 dxe4 18. Nh4 Qf7 19. d5 f5 20. c4 Nd7 21. Qb4 b6 22. Nxf5 Ree8 23. Nd4 Nc5 24. Qc3 Nd3 25. Re3 Rac8 26. Ne6 c6 27. Rg3 Re7 28. Rxg7+ Qxg7 29. Nxg7 Rxg7 30. Qd4 cxd5 31. Qxd5+ Kh8 32. Qxe4 Nxb2 33. Re1 Nxc4 34. Qe6 Rgg8 35. Rd1 Rge8 36. Qf6+ Kg8 37. Rd7 1-0